Les kapetanios : la guerrebcivile grecque 1943-1949
Αποθηκεύτηκε σε:
| Κύριος συγγραφέας: | |
|---|---|
| Μορφή: | Βιβλίο |
| Γλώσσα: | French |
| Δημοσίευση: |
[Paris] :
Fayard,
1970
|
| Θέματα: | |
| Ετικέτες: |
Προσθήκη ετικέτας
Δεν υπάρχουν, Καταχωρήστε ετικέτα πρώτοι!
|
MARC
| LEADER | 00000cam a2200000 i 4500 | ||
|---|---|---|---|
| 001 | 1/29895 | ||
| 008 | 060522s1970 fre d | ||
| 035 | |l 10084011 | ||
| 040 | |a GR-MY-UA |b gre |e aacr | ||
| 041 | 0 | |a fre | |
| 082 | 0 | |a 938.774 |2 (22) | |
| 100 | 1 | |a Eudes, Dominique. | |
| 245 | 1 | 4 | |a Les kapetanios : |b la guerrebcivile grecque 1943-1949 / |c Dominique Eudes |
| 260 | |a [Paris] : |b Fayard, |c 1970 | ||
| 300 | |a 493 σ.; |b εικ.; |c 22 εκ. | ||
| 504 | |a Περιέχει βιβλιογραφία (σ. [483]-485) και ευρετήριο | ||
| 650 | 0 | 0 | |a World War, 1939-1945 |x Underground movements |z Greece. |
| 650 | 0 | 0 | |a Communists, Greek. |
| 651 | 0 | |a Greece |x Politics and government |y 1935-1967. | |
| 651 | 0 | |a Greece |x History |y Civil War, 1944-1949. | |
| 852 | |a INST |b LESVOS |e 20060522 |h 938.774 EUD |p 005100035011 |q 005100035011 |t BK |y 0 | ||
| 901 | |a BIBL1-2006-2 | ||
| 909 | |a Λ |b 124009 | ||
| 970 | |a ΚΑΡΑ |b ΓΙΑΣΕΜΗ |z 2006/05/22 | ||